000
00279nam a2200121Ia 4500
008
190216s9999||||xx |||||||||||||| ||und||
100
_a
Imam Muhammedul Buhari
245
0
_a
Saheehul Buhari
260
_b
C N Ahamed Moulavi
_c
2007
300
_a
1084
650
_a
Arabic
942
_c
BK
999
_c
425
_d
425